|
|
|
|
| LEADER |
00000cam a2200000 7i4500 |
| 001 |
0000055448 |
| 005 |
20151121.0 |
| 008 |
151121 |
| 020 |
|
|
|a 1852106956
|
| 020 |
|
|
|a 9781852106956
|
| 090 |
0 |
0 |
|a 333.75
|b BAN
|
| 100 |
1 |
|
|a Banks, Martin
|
| 245 |
1 |
0 |
|a Conserving rainforests
|c Martin Banks
|
| 260 |
|
|
|a England :
|b Wayland (Publishers) Ltd ,
|c 1991
|
| 300 |
|
|
|a 45 pg :
|b (i)bw & col
|
| 440 |
|
|
|a Siri Conserving our world
|
| 500 |
|
|
|a Includes Glossary & Index (46-48 pg)
|
| 650 |
|
0 |
|a Tropical rainforests. Conservation
|
| 700 |
0 |
|
|a Series
|
| 700 |
0 |
|
|a Title
|
| 999 |
|
|
|a 0000797228
|b Book
|c Adult Collection
|e Cawangan Pontian
|
| 999 |
|
|
|a 0000799605
|b Book
|c Adult Collection
|e Cawangan Pontian
|
| 999 |
|
|
|a 0000816664
|b Book
|c Adult Collection
|e Cawangan Mersing
|
| 999 |
|
|
|a 0000817585
|b Book
|c Adult Collection
|e Cawangan Bandar Penawar
|
| 999 |
|
|
|a 0001070198
|b Book
|c Adult Collection
|e Cawangan Tangkak
|
| 999 |
|
|
|a 0001070199
|b Book
|c Adult Collection
|e Cawangan Tmn. Ungku Tun Aminah
|
| 999 |
|
|
|a 0001070202
|b Book
|c Children Collection
|e Cawangan Bukit Gambir
|
| 999 |
|
|
|a 0001070204
|b Book
|c Adult Collection
|e Cawangan Segamat
|